MLB Player... or Not - Sudden Death - Statistics

General Stats
  • This quiz has been taken 148 times
    43 since last reset
  • The average score is 19 of 20
Answers on the Grid
Answers color-coded by a green-red scale on the quiz's grid according to % correct below.
Aaron Judge
Babe Ruth
Bob Gibson
Bobby Witt Jr.
Cody Bellinger
Corbin Burnes
Corey Seager
Darius Garland
Desmond Bane
Elly De La Cruz
Francisco Lindor
Harry McGuire
Jack Grealish
Jackie Robinson
Jaime Jaquez Jr.
Jaxon Smith-Njiba
Jayden Daniels
Jose Ramirez
Juan Soto
Justin Verlander
Larry Bird
Mike Trout
Mohammed Salah
Myles Garrett
Pete Alonso
Ronald Acuna Jr.
Salvador Perez
Shohei Ohtani
Tarik Skubal
Ted Williams
Travis Kelce
Wilt Chamberlain
Yao Ming
 
Answer Stats
Answer % Correct
Aaron Judge
100%
Babe Ruth
100%
Bobby Witt Jr.
100%
Jackie Robinson
100%
Cody Bellinger
97%
Elly De La Cruz
97%
Francisco Lindor
97%
Bob Gibson
95%
Corbin Burnes
95%
Corey Seager
95%
Justin Verlander
95%
Mike Trout
95%
Ronald Acuna Jr.
95%
Shohei Ohtani
95%
Juan Soto
92%
Pete Alonso
92%
Jose Ramirez
86%
Salvador Perez
81%
Tarik Skubal
81%
Ted Williams
78%
No matching quizzes found
Score Distribution
Percent of People with Each Score
Percentile by Number Answered
Your Score History
You have not taken this quiz since the last reset